LEADER 00972nam a22002411i 4500 001 991003093149707536 005 20040601174912.0 008 040624s1990 gr a||||||||||||||||ita 035 $ab13023226-39ule_inst 035 $aARCHE-098090$9ExL 040 $aDip.to Beni Culturali$bita$cA.t.i. Arché s.c.r.l. Pandora Sicilia s.r.l. 082 04$a709.38 245 00$aGrecia :$bguida illustrata dei munumenti e delle località archeologiche /$cE. Karpodini-Dimitriadi 260 $aAtene :$bAthenon,$c1990 300 $a1 v. :$bill. ;$c24 cm 650 4$aGrecia$xGuide 700 1 $aKarpodini Dimitriadi, Efi$eauthor$4http://id.loc.gov/vocabulary/relators/aut$0488240 907 $a.b13023226$b02-04-14$c12-07-04 912 $a991003093149707536 945 $aLE001 AR V 220/9 8$g1$i2001000118298$lle001$nC. 1$o-$pE0.00$q-$rl$s- $t0$u0$v0$w0$x0$y.i13636650$z12-07-04 996 $aGrecia$91449699 997 $aUNISALENTO 998 $ale001$b12-07-04$cm$da $e-$fita$ggr $h0$i1